00880nam a2200253 a 450000100060000000300080000600500170001400800410003103500130007203500370008504000320012204100080015408200230016210000330018524500660021826000770028430000160036150400350037750500530041265000190046565000670048465000560055170000190060720379BD-RjUL20211209000546.0140227r19681925n b 000 0ceng d a74-15673 a(OCoLC)847243416a(BD-RjUL)20441 aDLCcDLCdm.cdBD-RjULbeng aeng a821.009bJOL 19681 aJohnson, Samuel,d1709-1784.10aLives of the English poets /cIntroduction by L.Archer-Hind aLondon ;aNewYork :bEverymans Library,c1925[reprinted1953,1954,1968] a v.;c23 cm aBibliography: v. 3, p. 559-56801aV. 1. Cowley to Prior -- v. 2. Congreve to Gray. 0aPoets, English 0aEnglish poetryyEarly modern, 1500-1700xHistory and criticism 0aEnglish poetryy18th centuryxHistory and criticism1 aL. Archer-Hind